| 000 | 01683cam a22003734a 4500 | ||
|---|---|---|---|
| 001 | 6589 | ||
| 003 | FISKH | ||
| 005 | 20250513084857.0 | ||
| 008 | 070323s2008 nyua j b 001 0 eng | ||
| 010 | _a 2007012256 | ||
| 020 | _a9780531126349 (lib. bdg.) | ||
| 020 | _a053112634X (lib. bdg.) | ||
| 020 | _a9780531147849 (pbk.) | ||
| 020 | _a0531147843 (pbk.) | ||
| 040 |
_aDLC _cDLC _dDLC _beng |
||
| 050 | _aJK517 .T395 | ||
| 082 | _a973.09 | ||
| 100 | 1 | _aTaylor-Butler, Christine. | |
| 245 | 1 | 4 |
_aThe presidency / _cChristine Taylor-Butler. |
| 260 |
_aNew York : _bScholastic, _c2008. |
||
| 300 |
_a48 pages : _bcolor illustrations ; _c22 cm |
||
| 440 | 2 | _aA true book | |
| 504 | _aIncludes bibliographical references (p. 44-45) and index. | ||
| 505 | _aR | ||
| 520 | _aIdeal for today's young investigative reader, each A True Book includes lively sidebars, a glossary and index, plus a comprehensive "To Find Out More" section listing books, organizations, and Internet sites. A staple of library collections since the 1950s, the new A True Book series is the definitive nonfiction series for elementary school readers.A True Book -- American History: How do you wrap a 450,000-pound gift? What is the world's oldest and shortest written consitution? Find out in this patriotic celebration of things uniquely American. | ||
| 521 | 8 |
_a730
_bLexile |
|
| 521 | 8 |
_aR
_bRaz-Plus |
|
| 650 | 0 |
_aPresidents _zUnited States _vJuvenile literature. |
|
| 650 | 0 |
_aPresidents _zUnited States _xHistory _vJuvenile literature. |
|
| 650 | 1 |
_aPresidents _zUnited States. |
|
| 906 |
_a7 _bcbc _corignew _d1 _eecip _f20 _gy-gencatlg |
||
| 942 |
_2ddc _cBK _n0 |
||
| 999 |
_c6589 _d6589 |
||